000 00478nmm a2200169Ia 4500
008 251105s9999||||xx |||||||||||||||||und||
020 _a9788498162646
041 _aspa
100 _aFernández Lizardi, José Joaquín
245 0 _aUnipersonal del arcabuceado
264 _a[Madrid, España] :
_bLinkgua,
_c2016
300 _a26 páginas
490 _aTeatro
650 _aLatin American theater
856 _uhttps://public.digitaliapublishing.com/a/16203
942 _cCF
999 _c91012
_d91012